000 00763nam a2200205Ia 4500
003 IN-BaIIA
008 211028s9999 xx 000 0 eng d
020 _a0-306-40541-5
040 _cIIA Library
080 _a530.1
_bSYM
111 _aEinstein Centennial Celebration Science Symposium
_cCarbondale
_d1979 Feb 23-Mar 2
_912278
245 0 _aSymmetries in science
_bproceedings of Einstein centennial celebration science Symposium held in Carbondale, February 23 - March 2, 1979
_cedited by Bruno Gruber and Richard S Millman
260 _aNew York
_bPlenum Press
_c1980
300 _a[various pagings.]
650 _aNASA Thesaurus
650 _aPhysics
_973
700 _aGruber, Bruno., ed.
_912279
700 _aMillman, Richard S., ed.
_912280
942 _cBK
999 _c7158
_d7158